Zdaňovanie príjmov v organizáciách nezriadených so zámerom podnikania
Organizácie nezriadené s cieľom podnikania sú zriadené podľa osobitných predpisov, ktoré upravujú účel ich vzniku, hospodárenia, kontrolu ich činnosti a s tým súvisiace hospodárenie, ako aj ich zrušenie. Tieto činnosti sú zadefinované v ich zakladateľskej listine, v štatúte alebo v stanovách. Vzhľad...
Na minha lista:
| Autor principal: | |
|---|---|
| Formato: | Capítulo de Livro |
| Idioma: | eslovaco |
| Assuntos: | |
| Tags: |
Sem tags, seja o primeiro a adicionar uma tag!
|
MARC
| LEADER | 00000naa a2200000 4500 | ||
|---|---|---|---|
| 001 | 0304544 | ||
| 005 | 20241011084959.9 | ||
| 041 | 0 | |a slo | |
| 044 | |a SK | ||
| 245 | 1 | 0 | |a Zdaňovanie príjmov v organizáciách nezriadených so zámerom podnikania |c Zuzana Uríková |
| 520 | |a Organizácie nezriadené s cieľom podnikania sú zriadené podľa osobitných predpisov, ktoré upravujú účel ich vzniku, hospodárenia, kontrolu ich činnosti a s tým súvisiace hospodárenie, ako aj ich zrušenie. Tieto činnosti sú zadefinované v ich zakladateľskej listine, v štatúte alebo v stanovách. Vzhľadom na to, že organizácie nezriadené s cieľom podnikania majú rôzne predmety činnosti, je následne dôležité posúdiť zdaňovanie jednotlivých druhov príjmov dosiahnutých v rámci ich hospodárenia. | ||
| 610 | 2 | 0 | |a dane |
| 610 | 2 | 0 | |a podnikanie |
| 610 | 2 | 0 | |a zdaňovanie |
| 610 | 2 | 0 | |a organizácie neziskové |
| 610 | 2 | 0 | |a hospodárenie finančné |
| 610 | 2 | 0 | |a hospodárenie podnikové |
| 100 | 1 | |a Uríková, Zuzana | |